Tout sur la Formule 1 - Statistiques

Statistiques générales
  • Ce quiz a été pris 11 081 fois
  • Le résultat moyen est 46 sur 68
Statistiques - réponses
Titre Description Réponse % Correct
Pilote Lewis Hamilton
94%
Pilote Max Verstappen
92%
Pilote Charles Leclerc
91%
Écurie Ferrari
89%
Drapeaux Indique un danger et l'interdiction de dépasser sur la zone concernée. Quand il est agité, il faut ralentir Jaune
88%
Écurie Mercedes
88%
Écurie Red Bull Racing Honda
88%
Drapeaux Grand prix interrompu pour cause d'accident grave et/ou de piste impraticable Rouge
88%
Pilote Carlos Sainz
87%
Pilote Lando Norris
87%
Écurie McLaren Mercedes
86%
Pilote Pierre Gasly
86%
Écurie Alpine Renault
85%
Drapeaux Indique l'obligation pour un pilote de laisser passer un concurrent quand il lui prend un tour ou que le pilote concerné par le drapeau sort des stands Bleu
85%
Pilote Esteban Ocon
85%
Pilote Sergio Perez
85%
Pilote Fernando Alonso
84%
Drapeaux Ordonne au pilote concerné de s'arrêter immédiatement car il a été exclu de la course Noir
84%
Pilote Valtteri Bottas
84%
Drapeaux Indique la fin de l'incident signalé Vert
84%
Écurie Haas Ferrari
83%
Pilote Daniel Ricciardo
82%
Écurie Williams Mercedes
82%
Écurie Aston Martin Mercedes
81%
Pilote George Russell
79%
Pilote Lance Stroll
79%
Pilote Sebastian Vettel
79%
Pilote Yuki Tsunoda
79%
Divers Série Netflix sur la Formule 1 Formula 1 : Pilotes de leur destin (Drive to survive)
78%
Divers Fournisseur de pneus Pirelli
77%
Écurie AlphaTauri Honda
76%
Circuit Grand Prix d’Italie – Monza
73%
Divers Système de réduction de la traînée DRS
72%
Circuit Grand Prix de Belgique – Spa-Francorchamps
71%
Pilote Mick Schumacher
71%
Circuit Grand Prix de Monaco – Monte-Carlo
70%
Écurie Alfa Romeo Racing Ferrari
68%
Circuit Grand Prix de France – Le Castellet
67%
Circuit Grand Prix de Grande-Bretagne – Silverstone
66%
Pilote Nicholas Latifi
66%
Circuit Grand Prix d’Espagne – Barcelone
65%
Drapeaux Conseille au pilote de ralentir en signifiant la présence d'un véhicule de type lent, comme la safety car Blanc
64%
Pilote Nikita Mazepin
63%
Drapeaux Signifie la fin d'une séance d'essais libres, de qualifications, ou la fin d'un Grand Prix Damier noir et blanc
61%
Circuit Grand Prix de Bahreïn – Sakhir
61%
Circuit Grand Prix de Sao Paulo – Interlagos – Brésil
60%
Drapeaux Informe le pilote concerné qu'il a un avertissement Noir et blanc
60%
Circuit Grand Prix des Etats-Unis – Austin
59%
Pilote Kimi Räikkönen
58%
Circuit Grand Prix d’Emilie-Romagne – Imola
57%
Divers Barre incurvée en titane Halo
57%
Circuit Grand Prix d’Autriche – Spielberg
56%
Circuit Grand Prix de Mexico – Mexico City – Mexique
55%
Circuit Grand Prix des Pays-Bas – Zandvoort
55%
Divers Compétition automobile américaine Indycar
53%
Pilote Antonio Giovinazzi
52%
Circuit Grand Prix de Hongrie – Hungaroring
52%
Circuit Grand Prix d’Arabie Saoudite – Djeddah
51%
Circuit Grand Prix du Qatar
51%
Circuit Grand Prix de Russie – Sotchi
44%
Circuit Grand Prix du Portugal – Portimao
44%
Circuit Grand Prix d’Azerbaïdjan – Bakou
43%
Divers Direction Fédération internationale de l'automobile (FIA)
40%
Divers Véhicule des débutants Karting
39%
Circuit Grand Prix d’Abou Dhabi – Yas Marina
36%
Circuit Grand Prix de Turquie – Istanbul
32%
Circuit Grand Prix de Styrie – Spielberg
19%
Drapeaux Indique un changement d'adhérence sur une partie de la piste lié par exemple à un dépôt d'huile ou à la pluie Rouge et jaune
18%
Aucun quiz correspondant
Distribution des résultats
% des personnes avec chaque résultat
Percentile par nombre de réponses
Votre historique - résultats
Vous n’avez pas pris ce quiz